Southville International School and Colleges
Your cart is empty.
  • Cart
  • Lists
    Public lists Eva Luna New books Lux_list list_1
    Your lists Log in to create your own lists
  • Log in to your account
  • Your cookies
  • Search history
Southville International School and Colleges
  • Advanced search
  • Recent comments
  • Most popular
  • Libraries

Log in to your account

Log in with GOOGLE


If you do not have an external account, but do have a local account, you can still log in:

  1. Home
  2. MARC view: The New international Webster's pocket grammar, speech & style dictionary of the English language :
Normal view MARC view ISBD view

The New international Webster's pocket grammar, speech & style dictionary of the English language : (Record no. 279)

[ view plain ]
MARC details
000 -LEADER
fixed length control field 01065cam a2200337 a 4500
001 - CONTROL NUMBER
control field 13088460
003 - CONTROL NUMBER IDENTIFIER
control field OSt
005 - DATE AND TIME OF LATEST TRANSACTION
control field 20140310181625.0
008 - FIXED-LENGTH DATA ELEMENTS--GENERAL INFORMATION
fixed length control field 030211s2002 flu 000 0 eng
010 ## - LIBRARY OF CONGRESS CONTROL NUMBER
LC control number 2003265540
020 ## - INTERNATIONAL STANDARD BOOK NUMBER
International Standard Book Number 1582794197
040 ## - CATALOGING SOURCE
Original cataloging agency DLC
Transcribing agency DLC
Modifying agency DLC
050 00 - LIBRARY OF CONGRESS CALL NUMBER
Classification number PE 1628
Item number .N532 2005
082 00 - DEWEY DECIMAL CLASSIFICATION NUMBER
Classification number REF 428
-- N46 2005
245 04 - TITLE STATEMENT
Title The New international Webster's pocket grammar, speech & style dictionary of the English language :
250 ## - EDITION STATEMENT
Edition statement new rev. ed.
260 ## - PUBLICATION, DISTRIBUTION, ETC. (IMPRINT)
Name of publisher, distributor, etc Trident Press International,
Date of publication, distribution, etc c2005.
300 ## - PHYSICAL DESCRIPTION
Extent 314 p.
Dimensions 17 cm.
500 ## - GENERAL NOTE
General note Title from slip case.
521 ## - TARGET AUDIENCE NOTE
Target audience note
541 ## - IMMEDIATE SOURCE OF ACQUISITION NOTE
-- 1
541 ## - IMMEDIATE SOURCE OF ACQUISITION NOTE
-- 2
562 ## - COPY AND VERSION IDENTIFICATION NOTE
Number of copies 2
650 #0 - SUBJECT ADDED ENTRY--TOPICAL TERM
Topical term or geographic name as entry element English language
Form subdivision Dictionaries.
650 #0 - SUBJECT ADDED ENTRY--TOPICAL TERM
Topical term or geographic name as entry element English language
General subdivision Grammar
Form subdivision Handbooks, manuals, etc.
650 #0 - SUBJECT ADDED ENTRY--TOPICAL TERM
Topical term or geographic name as entry element English language
General subdivision Synonyms and antonyms.
710 2# - ADDED ENTRY--CORPORATE NAME
Corporate name or jurisdiction name as entry element Trident Press International.
906 ## - LOCAL DATA ELEMENT F, LDF (RLIN)
a 7
b cbc
c orignew
d 2
e ncip
f 20
g y-gencatlg
942 ## - ADDED ENTRY ELEMENTS (KOHA)
Source of classification or shelving scheme Library of Congress Classification
Koha item type
Call number prefix
Holdings
Withdrawn status Lost status Source of classification or shelving scheme Damaged status Home library Current library Shelving location Date acquired Total Checkouts Full call number Barcode Date last seen Copy number Price effective from Koha item type
    Library of Congress Classification   Luxembourg Library Luxembourg Library Reference Section 02/04/2012   PE 1628 .N532 2005 15140 08/13/2013 1 10/03/2013 Books
    Library of Congress Classification   Luxembourg Library Luxembourg Library Reference Section 07/02/2013   PE 1628 .N532 2005 14434 10/27/2015 2 07/02/2013 Books

The New international Webster's pocket grammar, speech & style dictionary of the English language :

APA

Trident Press International, . (2005). The New international Webster's pocket grammar, speech & style dictionary of the English language. : Trident Press International.

Chicago

Trident Press International, . 2005. The New international Webster's pocket grammar, speech & style dictionary of the English language. : Trident Press International.

Harvard

Trident Press International, . (2005). The New international Webster's pocket grammar, speech & style dictionary of the English language. : Trident Press International.

MLA

Trident Press International, . The New international Webster's pocket grammar, speech & style dictionary of the English language. : Trident Press International. 2005.

  • Print
  • Cite
  • Add to your cart (remove)
  • Save record
    BIBTEX Dublin Core MARCXML MARC (non-Unicode/MARC-8) MARC (Unicode/UTF-8) MARC (Unicode/UTF-8, Standard) MODS (XML) RIS
  • More searches
    Search for this title in:
    Other Libraries (WorldCat) Other Databases (Google Scholar) Online Stores (Bookfinder.com) Open Library (openlibrary.org)

Exporting to Dublin Core...

SOUTHVILLE LIBRARY

Southville International School and Colleges Library

1281 Tropical Ave. Cor. Luxembourg St., BF Homes International, Las Pinas City

Tel. No. 8256374 / 252358 Loc. 117/146

Powered by Koha